Ekonomika hospodářských organizací spojů 2

Saved in:
Bibliographic Details
Main Author: Chvátalová, Eva
Other Authors: Lukavec, Václav, Matějka, Ladislav
Format: Book
Language:Czech
Published: Praha Státní pedagogické nakladatelství 1981
Tags: Add Tag
No Tags, Be the first to tag this record!

MARC

LEADER 00000nam a2200000 4500
001 c111640
005 20041019155150.4
041 0 |a cze 
044 |a CZ 
245 1 0 |a Ekonomika hospodářských organizací spojů 2  |c Eva Chvátalová, Václav Lukavec, Ladislav Matějka 
264 1 |a Praha  |b Státní pedagogické nakladatelství  |c 1981 
300 |a 287 s. 
100 1 |a Chvátalová, Eva 
700 1 |a Lukavec, Václav 
700 1 |a Matějka, Ladislav